000 00703nam a2200289Ia 4500
005 20260324124446.0
008 008 260324s9999 xx 000 0 eng d
020 _a9781315699066
037 _aEBOOK
040 _aCRL
040 _beng
040 _cCRL
041 _2eng
041 _aeng
084 _qCRL
100 _aHoward J Sherman
_9999579
245 4 _aThe Roller Coaster Economy
245 0 _bFinancial Crisis, Great Recession, and the Public Option
260 _bTaylor and Francis
260 _c2010
365 _a
365 _b290
856 _uhttp://www.taylorfrancis.com/books/9781315699066
942 _cEBOOK
999 _c1768624
_d1768624